00377nam a2200145Ia 4500008004100000020001800041082000800059100001800067245006100085250000600146260002900152300001000181500002400191650001600215230524s9999 xx 000 0 und d a9780143417347 bBRA aLouis Brawley 0aNo More Questions The Final Travels of U.G. Krishnamurti a1 aNew DelhibPenguinc2012 a381p; aQuantity Number: 1 aMisalliance